Syntéza obrazových dát s využitím generatívnych neurónových sietí

Salvato in:
Dettagli Bibliografici
Autore principale: Kosmeľ, Silvester (Autore)
Altri autori: Jakab, Marek (Relatore della tesi)
Natura: Manoscritto Libro
Lingua:slovacco
inglese
Pubblicazione: 2021
Soggetti:
Accesso online:http://is.stuba.sk/zp/portal_zp.pl?podrobnosti=159439
Tags: Aggiungi Tag
Nessun Tag, puoi essere il primo ad aggiungerne!!

MARC

LEADER 00000ntm a22000003a 4500
001 stuzp85643
003 SK-STU
005 20210619211846.4
007 ta
008 150427s2015----xo-----f-mn---000-0-slo-d
040 |a STU  |b slo 
041 0 |a eng 
100 1 |a Kosmeľ, Silvester  |u 070400  |4 aut  |U FIIT Fakulta informatiky a informačných technológií  |T FIIT Ústav počítačového inžinierstva a aplikovanej informatiky  |X 85904  |U I400  |Y 672  |7 85904 
242 0 1 |a Syntéza obrazových dát s využitím generatívnych neurónových sietí  |y slo 
245 1 0 |a Syntéza obrazových dát s využitím generatívnych neurónových sietí 
260 |c 2021 
650 4 |a hlboké učenie  |2 slo 
650 4 |a syntéza obrazových dát  |2 slo 
650 4 |a generatívne súperiace siete  |2 slo 
650 4 |a Deep Learning  |2 eng 
650 4 |a Image synthesis  |2 eng 
650 4 |a Generative Adversarial Networks  |2 eng 
700 1 |a Jakab, Marek  |u 070400  |k Z2  |4 ths  |U FIIT Fakulta informatiky a informačných technológií  |T FIIT Ústav počítačového inžinierstva a aplikovanej informatiky  |X 5669  |U I400  |Y 672  |7 A000005669 
856 4 |u http://is.stuba.sk/zp/portal_zp.pl?podrobnosti=159439